<?xml version="1.0" encoding="UTF-8"?>
<marc:record xmlns:marc="http://www.loc.gov/MARC21/slim">
   <marc:leader>00000nam a2200000 a 4500</marc:leader>
   <marc:datafield ind1="1" ind2=" " tag="100">
      <marc:subfield code="a">Harari, Yuval Noah</marc:subfield>
      <marc:subfield code="4">aut</marc:subfield>
      <marc:subfield code="e">Verfasser/-in</marc:subfield>
   </marc:datafield>
   <marc:datafield ind1=" " ind2=" " tag="653">
      <marc:subfield code="a">Philosophie</marc:subfield>
   </marc:datafield>
   <marc:datafield ind1=" " ind2=" " tag="653">
      <marc:subfield code="a">Globalisierung</marc:subfield>
   </marc:datafield>
   <marc:datafield ind1=" " ind2=" " tag="653">
      <marc:subfield code="a">Zukunft</marc:subfield>
   </marc:datafield>
   <marc:datafield ind1=" " ind2=" " tag="653">
      <marc:subfield code="a">Menschheitsgeschichte</marc:subfield>
   </marc:datafield>
   <marc:datafield ind1=" " ind2=" " tag="653">
      <marc:subfield code="a">Weltanschauung</marc:subfield>
   </marc:datafield>
   <marc:datafield ind1=" " ind2=" " tag="653">
      <marc:subfield code="a">Autor &lt;Israel&gt;</marc:subfield>
   </marc:datafield>
   <marc:datafield ind1=" " ind2=" " tag="653">
      <marc:subfield code="a">Weltproblematik</marc:subfield>
   </marc:datafield>
   <marc:datafield ind1="0" ind2="0" tag="245">
      <marc:subfield code="a">21 Lektionen für das 21. Jahrhundert</marc:subfield>
   </marc:datafield>
   <marc:datafield ind1=" " ind2="1" tag="264">
      <marc:subfield code="b">C. H. Beck</marc:subfield>
      <marc:subfield code="c">2018</marc:subfield>
   </marc:datafield>
   <marc:datafield ind1="1" ind2=" " tag="520">
      <marc:subfield code="a">Yuval Noah Harari ist der Weltstar unter den Historikern. Sein neues Buch schaut auf das Hier und Jetzt und konfrontiert uns mit den drängenden Fragen unserer Zeit. Wie unterscheiden wir Wahrheit und Fiktion im Zeitalter der Fake News? Was sollen wir unseren Kinder beibringen? Wie können wir in unserer unübersichtlichen Welt moralisch handeln? Wie bewahren wir Freiheit und Gleichheit im 21. Jahrhundert? Seit Jahrtausenden hat die Menschlichkeit über den Fragen gebrütet, wer wir sind und was wir mit unserem Leben anfangen sollen. Dieses Buch will möglichst viele Menschen dazu anregen, sich an den großen Debatten unserer Zeit zu beteiligen, damit die Antworten nicht von den blinden Kräften des Marktes gegeben werden. (Verlagstext)/ / / </marc:subfield>
   </marc:datafield>
   <marc:datafield ind1=" " ind2=" " tag="020">
      <marc:subfield code="a">9783406727788</marc:subfield>
      <marc:subfield code="9">9783406727788</marc:subfield>
   </marc:datafield>
</marc:record>
